Komparácia dane z príjmu zamestnanca v SR – dôvod na migráciu
Dve formy zamestnávania: pracovný pomer alebo dohoda o práci vykonávanej mimo pracovného pomeru. Komparácia dohody o pracovnej činnosti a dohody o vykonaní práce v roku 2017. Odmena za vykonanú prácu a povinnosť platiť odvody na zdravotné poistenie, sociálne zabezpečenie a daň z príjmu fyzických osô...
Uložené v:
| Hlavný autor: | |
|---|---|
| Médium: | Kapitola |
| Jazyk: | Slovak |
| Predmet: | |
| Tagy: |
Žiadne tagy, Buďte prvý, kto otaguje tento záznam!
|
MARC
| LEADER | 00000nla a2200000 4500 | ||
|---|---|---|---|
| 001 | 0240528 | ||
| 005 | 20240712102603.5 | ||
| 041 | 0 | |a slo | |
| 044 | |a SK | ||
| 245 | 1 | 0 | |a Komparácia dane z príjmu zamestnanca v SR – dôvod na migráciu |c Ivana Lennerová |
| 520 | |a Dve formy zamestnávania: pracovný pomer alebo dohoda o práci vykonávanej mimo pracovného pomeru. Komparácia dohody o pracovnej činnosti a dohody o vykonaní práce v roku 2017. Odmena za vykonanú prácu a povinnosť platiť odvody na zdravotné poistenie, sociálne zabezpečenie a daň z príjmu fyzických osôb. | ||
| 610 | 2 | 0 | |a pomer pracovný |
| 610 | 2 | 0 | |a dohody pracovné |
| 610 | 2 | 0 | |a dohody o činnosti pracovnej |
| 610 | 2 | 0 | |a dohody o vykonaní práce |
| 610 | 2 | 0 | |a odvody |
| 610 | 2 | 0 | |a poistenie sociálne |
| 610 | 2 | 0 | |a poistenie zdravotné |
| 610 | 2 | 0 | |a dane z príjmov |
| 610 | 2 | 0 | |a zamestnanci |
| 610 | 2 | 0 | |a mzdy |
| 610 | 2 | 0 | |a odmeny |
| 100 | 1 | |a Lennerová, Ivana, 1979- | |